<?xml version="1.0" encoding="UTF-8"?>
<record
    xmlns:xsi="http://www.w3.org/2001/XMLSchema-instance"
    xsi:schemaLocation="http://www.loc.gov/MARC21/slim http://www.loc.gov/standards/marcxml/schema/MARC21slim.xsd"
    xmlns="http://www.loc.gov/MARC21/slim">

  <leader>01659pam a22002895i 4500</leader>
  <controlfield tag="003">KPN</controlfield>
  <controlfield tag="005">20260413121028.0</controlfield>
  <controlfield tag="008">20260413b  00| 0 my d</controlfield>
  <datafield tag="020" ind1=" " ind2=" ">
    <subfield code="a">9789674499495</subfield>
    <subfield code="q">paperback</subfield>
    <subfield code="c">RM12.00</subfield>
  </datafield>
  <datafield tag="040" ind1=" " ind2=" ">
    <subfield code="c">KPN</subfield>
  </datafield>
  <datafield tag="082" ind1="0" ind2="4">
    <subfield code="a">BM FK AMI 2025</subfield>
    <subfield code="2">23</subfield>
  </datafield>
  <datafield tag="090" ind1="0" ind2="0">
    <subfield code="a">BM FK AMI 2025</subfield>
  </datafield>
  <datafield tag="100" ind1="0" ind2=" ">
    <subfield code="a">Amir Hamzah Aziz,</subfield>
    <subfield code="d">1988-</subfield>
    <subfield code="e">author.</subfield>
  </datafield>
  <datafield tag="245" ind1="1" ind2="0">
    <subfield code="a">Misteri lembaga hutan /</subfield>
    <subfield code="c">Amir Hamzah Aziz ; Editor : Asrul Adli ; Editor Pruf : Najihah Rose ; Illustrator Dalaman : Raby, Zaris Sambal</subfield>
  </datafield>
  <datafield tag="264" ind1=" " ind2="1">
    <subfield code="a">Kuala Lumpur :</subfield>
    <subfield code="b">Ana Muslim Sdn Bhd,</subfield>
    <subfield code="c">2025</subfield>
  </datafield>
  <datafield tag="300" ind1=" " ind2=" ">
    <subfield code="a">128 pages :</subfield>
    <subfield code="b">colour illustrations ;</subfield>
    <subfield code="c">17 cm</subfield>
  </datafield>
  <datafield tag="490" ind1="1" ind2=" ">
    <subfield code="a">SIRI DETEKTIF CILIK</subfield>
  </datafield>
  <datafield tag="521" ind1=" " ind2=" ">
    <subfield code="a">Di tengah-tengah hutan... bayang-bayang hitam bergerak... mengintai Sen keong di celah-celah pohon. Betulkah apa yang dia lihat itu sebenarnya... Lembaga Hutan?!
Hakim, Sen Keong dan Muthu tidak henti-henti dihantui oleh pelbagai kejadian aneh sepanjang perkhemahan di Bukit Bongkah, mereka mula mengesyaki bahawa cerita tentang penunggu hutan ini mungkin bukan sekadar mitos...
Situasi bertambah cemas... Hakim tiba-tiba hilang! Adakah Hakim dalam bahaya? Mungkinkah ini angkara lembaga hutan itu?
Mahu tidak mahu, Sen Keong dan Muthu mesti memberanikan diri dan mula menyiasat keberadaan Hakim! Dapatkan detektif-detektif cilik ini menyingkap misteri lembaga hutan tersebut sebelum kejadian yang lebih buruk berlaku?</subfield>
  </datafield>
  <datafield tag="650" ind1="1" ind2="0">
    <subfield code="a">Graphic novels</subfield>
  </datafield>
  <datafield tag="650" ind1="2" ind2="0">
    <subfield code="a">Comic books, strips, etc.</subfield>
  </datafield>
  <datafield tag="650" ind1="2" ind2="0">
    <subfield code="a">Detective and mystery stories</subfield>
  </datafield>
  <datafield tag="700" ind1="0" ind2=" ">
    <subfield code="a">Asrul Adli,</subfield>
    <subfield code="e">editor.</subfield>
  </datafield>
  <datafield tag="700" ind1="0" ind2=" ">
    <subfield code="a">Raby,</subfield>
    <subfield code="e">illustrator.</subfield>
  </datafield>
  <datafield tag="700" ind1="0" ind2=" ">
    <subfield code="a">Zaris Sambal,</subfield>
    <subfield code="e">illustrator.</subfield>
  </datafield>
  <datafield tag="830" ind1=" " ind2="0">
    <subfield code="a">Siri detektif cilik</subfield>
  </datafield>
  <datafield tag="942" ind1=" " ind2=" ">
    <subfield code="2">ddc</subfield>
    <subfield code="c">1</subfield>
    <subfield code="n">0</subfield>
  </datafield>
  <datafield tag="999" ind1=" " ind2=" ">
    <subfield code="c">1806</subfield>
    <subfield code="d">1806</subfield>
  </datafield>
  <datafield tag="952" ind1=" " ind2=" ">
    <subfield code="0">0</subfield>
    <subfield code="1">0</subfield>
    <subfield code="2">ddc</subfield>
    <subfield code="4">0</subfield>
    <subfield code="7">0</subfield>
    <subfield code="8">F</subfield>
    <subfield code="a">KPN</subfield>
    <subfield code="b">KPN</subfield>
    <subfield code="c">FICK</subfield>
    <subfield code="d">2026-04-13</subfield>
    <subfield code="l">0</subfield>
    <subfield code="o">BM FK AMI 2025</subfield>
    <subfield code="p">KPN26040040</subfield>
    <subfield code="r">2026-04-13</subfield>
    <subfield code="w">2026-04-13</subfield>
    <subfield code="y">1</subfield>
  </datafield>
</record>
